[Event "NOR-ch U20 A"]
[Site "Hamar"]
[Date "2007.07.11"]
[Round "6"]
[White "Talat, Hogir"]
[Black "Kvisla, Johannes Luangtep"]
[Result "0-1"]
[WhiteElo "1933"]
[BlackElo "2134"]
[PlyCount "102"]
[EventDate "2007.07.07"]
[EventType "swiss"]
[EventRounds "9"]
[EventCountry "NOR"]
[SourceTitle "EXT 2024"]
[Source "ChessBase"]
[SourceDate "2023.10.10"]
[SourceVersion "1"]
[SourceVersionDate "2023.10.10"]
[SourceQuality "1"]

1. e4 e5 2. Nf3 Nc6 3. Bc4 Nf6 4. d3 Be7 5. c3 0-0 6. 0-0 d6 7. Nbd2 Na5 8. Bb5 a6 9. Ba4 b5 10. Bc2 c5 11. Re1 Nc6 12. Nf1 Re8 13. h3 Bf8 14. Bg5 h6 15. Bxf6 Qxf6 16. N3h2 Qd8 17. Ne3 Be6 18. Qf3 Qg5 19. g3 g6 20. h4 Qd8 21. Nhg4 Bg7 22. Nd5 Rf8 23. Nge3 h5 24. Qg2 Ne7 25. Bb3 Nc6 26. Bc2 Rb8 27. a3 a5 28. a4 b4 29. Reb1 Ne7 30. Bb3 Nc8 31. Bc4 Qd7 32. Kh2 Na7 33. cxb4 cxb4 34. b3 Qb7 35. Ra2 Nc6 36. Re1 Qa7 37. f3 Rbc8 38. g4 hxg4 39. fxg4 Kh7 40. Rf2 Rh8 41. Ref1 Kg8 42. Qg3 Nd4 43. Rg2 Kf8 44. Qf2 Ke8 45. Nf6+ Kd8 46. Bxe6 Nxe6 47. Nfd5 Nf4 48. Rgg1 Rc2 49. Kg3 Rxf2 50. Rxf2 Nxd3 51. Rd2 Nc5 0-1

[Event "NOR-chB"]
[Site "Moss"]
[Date "2006.07.10"]
[Round "4"]
[White "Valle, Stian"]
[Black "Talat, Hogir"]
[Result "0-1"]
[WhiteElo "910"]
[BlackElo "1606"]
[PlyCount "58"]
[EventDate "2006.07.08"]
[EventType "swiss"]
[EventRounds "9"]
[EventCountry "NOR"]
[SourceTitle "EXT 2007"]
[Source "ChessBase"]
[SourceDate "2006.11.23"]
[SourceVersion "1"]
[SourceVersionDate "2006.11.23"]
[SourceQuality "1"]

1. e4 c6 2. d4 d5 3. exd5 cxd5 4. Nc3 Nf6 5. Bb5+ Bd7 6. Bxd7+ Nbxd7 7. Nf3 e6 8. 0-0 Bd6 9. Qd3 h6 10. Re1 0-0 11. h3 Bb4 12. Re2 Bxc3 13. bxc3 Ne4 14. c4 Rc8 15. cxd5 exd5 16. Nd2 Ndf6 17. Nf3 a6 18. a4 Rc3 19. Qd1 Rxf3 20. gxf3 Nc3 21. Qd3 Nxe2+ 22. Qxe2 Re8 23. Qd1 Nh5 24. Be3 Qh4 25. Kh2 Rxe3 26. Qf1 Rxf3 27. Re1 Rxf2+ 28. Qxf2 Qxf2+ 29. Kh1 Ng3# 0-1